<?xml version="1.0" encoding="UTF-8"?>
<record
    xmlns:xsi="http://www.w3.org/2001/XMLSchema-instance"
    xsi:schemaLocation="http://www.loc.gov/MARC21/slim http://www.loc.gov/standards/marcxml/schema/MARC21slim.xsd"
    xmlns="http://www.loc.gov/MARC21/slim">

  <leader>00772nam a2200265   4500</leader>
  <controlfield tag="001">11298</controlfield>
  <controlfield tag="003">BD-RjUL</controlfield>
  <controlfield tag="005">20211208235113.0</controlfield>
  <controlfield tag="008">140126r19751972njua     b    001 0 eng</controlfield>
  <datafield tag="020" ind1=" " ind2=" ">
    <subfield code="a">0138538468</subfield>
  </datafield>
  <datafield tag="035" ind1=" " ind2=" ">
    <subfield code="a">(BD-RjUL)11347</subfield>
  </datafield>
  <datafield tag="040" ind1=" " ind2=" ">
    <subfield code="a">DLC</subfield>
    <subfield code="c">DLC</subfield>
    <subfield code="d">DLC</subfield>
    <subfield code="d">BD-RjUL</subfield>
    <subfield code="b">eng</subfield>
  </datafield>
  <datafield tag="041" ind1=" " ind2=" ">
    <subfield code="a">eng</subfield>
  </datafield>
  <datafield tag="082" ind1="0" ind2="0">
    <subfield code="a">551.8</subfield>
    <subfield code="b">BIS 1975</subfield>
  </datafield>
  <datafield tag="100" ind1="1" ind2=" ">
    <subfield code="a">Billings, Marland Pratt,</subfield>
    <subfield code="d">1902-</subfield>
    <subfield code="9">34947</subfield>
  </datafield>
  <datafield tag="245" ind1="0" ind2="0">
    <subfield code="a">Structural geology /</subfield>
    <subfield code="c">[by] Marland P. Billings.</subfield>
  </datafield>
  <datafield tag="250" ind1=" " ind2=" ">
    <subfield code="a">3d ed.</subfield>
  </datafield>
  <datafield tag="260" ind1=" " ind2=" ">
    <subfield code="a">Englewood Cliffs, N.J. :</subfield>
    <subfield code="b">Prentice-Hall,</subfield>
    <subfield code="c">c1972[Printing 1975].</subfield>
  </datafield>
  <datafield tag="300" ind1=" " ind2=" ">
    <subfield code="a">xv, 606 p. :</subfield>
    <subfield code="b">illus. ;</subfield>
    <subfield code="c">24 cm.</subfield>
  </datafield>
  <datafield tag="350" ind1=" " ind2=" ">
    <subfield code="a">$15.95</subfield>
  </datafield>
  <datafield tag="504" ind1=" " ind2=" ">
    <subfield code="a">Includes bibliographical references.</subfield>
  </datafield>
  <datafield tag="650" ind1=" " ind2="0">
    <subfield code="a">Geology, Structural.</subfield>
    <subfield code="9">34948</subfield>
  </datafield>
  <datafield tag="942" ind1=" " ind2=" ">
    <subfield code="2">ddc</subfield>
    <subfield code="c">BK</subfield>
  </datafield>
  <datafield tag="999" ind1=" " ind2=" ">
    <subfield code="c">11298</subfield>
    <subfield code="d">11298</subfield>
  </datafield>
  <datafield tag="952" ind1=" " ind2=" ">
    <subfield code="0">0</subfield>
    <subfield code="1">0</subfield>
    <subfield code="2">ddc</subfield>
    <subfield code="4">0</subfield>
    <subfield code="7">0</subfield>
    <subfield code="a">RUCL</subfield>
    <subfield code="b">RUCL</subfield>
    <subfield code="c">Stack</subfield>
    <subfield code="d">1976-06-14</subfield>
    <subfield code="e">Printice Hall of India</subfield>
    <subfield code="g">27.00</subfield>
    <subfield code="l">1</subfield>
    <subfield code="o">551.8 BIS 1975</subfield>
    <subfield code="r">2016-09-05 00:00:00</subfield>
    <subfield code="s">2016-08-27</subfield>
    <subfield code="t">C-3</subfield>
    <subfield code="w">2021-12-08</subfield>
    <subfield code="y">BK</subfield>
  </datafield>
  <datafield tag="952" ind1=" " ind2=" ">
    <subfield code="0">0</subfield>
    <subfield code="1">0</subfield>
    <subfield code="2">ddc</subfield>
    <subfield code="4">0</subfield>
    <subfield code="7">0</subfield>
    <subfield code="a">RUCL</subfield>
    <subfield code="b">RUCL</subfield>
    <subfield code="c">Stack</subfield>
    <subfield code="d">1983-07-04</subfield>
    <subfield code="e">Aligarh Library, Rajshahi</subfield>
    <subfield code="g">89.00</subfield>
    <subfield code="l">6</subfield>
    <subfield code="o">551.8 BIS 1982</subfield>
    <subfield code="r">2017-11-14 00:00:00</subfield>
    <subfield code="s">2017-11-09</subfield>
    <subfield code="t">C-18</subfield>
    <subfield code="w">2014-01-26</subfield>
    <subfield code="y">BK</subfield>
  </datafield>
  <datafield tag="952" ind1=" " ind2=" ">
    <subfield code="0">0</subfield>
    <subfield code="1">0</subfield>
    <subfield code="2">ddc</subfield>
    <subfield code="4">0</subfield>
    <subfield code="7">0</subfield>
    <subfield code="8">NFIC</subfield>
    <subfield code="a">RUCL</subfield>
    <subfield code="b">RUCL</subfield>
    <subfield code="c">Stack</subfield>
    <subfield code="d">1983-07-04</subfield>
    <subfield code="e">Aligorh library, Rajshahi</subfield>
    <subfield code="g">81.00</subfield>
    <subfield code="l">0</subfield>
    <subfield code="o">551.8 BIS 1982</subfield>
    <subfield code="r">2016-11-17 00:00:00</subfield>
    <subfield code="t">C-2</subfield>
    <subfield code="w">2021-12-08</subfield>
    <subfield code="y">BK</subfield>
  </datafield>
  <datafield tag="952" ind1=" " ind2=" ">
    <subfield code="0">0</subfield>
    <subfield code="1">0</subfield>
    <subfield code="2">ddc</subfield>
    <subfield code="4">0</subfield>
    <subfield code="7">0</subfield>
    <subfield code="8">NFIC</subfield>
    <subfield code="a">RUCL</subfield>
    <subfield code="b">RUCL</subfield>
    <subfield code="c">Stack</subfield>
    <subfield code="d">1976-03-06</subfield>
    <subfield code="e">dhaka, paragon Enterprice ltd.</subfield>
    <subfield code="g">64.00</subfield>
    <subfield code="l">1</subfield>
    <subfield code="o">551.8 BIS 1975</subfield>
    <subfield code="r">2019-07-08 00:00:00</subfield>
    <subfield code="s">2019-05-09</subfield>
    <subfield code="t">C-4</subfield>
    <subfield code="w">2016-11-27</subfield>
    <subfield code="y">BK</subfield>
  </datafield>
  <datafield tag="952" ind1=" " ind2=" ">
    <subfield code="0">0</subfield>
    <subfield code="1">0</subfield>
    <subfield code="2">ddc</subfield>
    <subfield code="4">0</subfield>
    <subfield code="7">0</subfield>
    <subfield code="8">NFIC</subfield>
    <subfield code="a">RUCL</subfield>
    <subfield code="b">RUCL</subfield>
    <subfield code="c">Stack</subfield>
    <subfield code="d">1976-03-06</subfield>
    <subfield code="e">dhaka, paragon Enterprice ltd.</subfield>
    <subfield code="g">64.00</subfield>
    <subfield code="l">0</subfield>
    <subfield code="o">551.8 BIS 1975</subfield>
    <subfield code="r">2016-11-27 00:00:00</subfield>
    <subfield code="t">C-5</subfield>
    <subfield code="w">2016-11-27</subfield>
    <subfield code="y">BK</subfield>
  </datafield>
  <datafield tag="952" ind1=" " ind2=" ">
    <subfield code="0">0</subfield>
    <subfield code="1">0</subfield>
    <subfield code="2">ddc</subfield>
    <subfield code="4">0</subfield>
    <subfield code="7">0</subfield>
    <subfield code="8">NFIC</subfield>
    <subfield code="a">RUCL</subfield>
    <subfield code="b">RUCL</subfield>
    <subfield code="c">Stack</subfield>
    <subfield code="d">1976-03-06</subfield>
    <subfield code="e">dhaka, paragon Enterprice ltd.</subfield>
    <subfield code="g">64.00</subfield>
    <subfield code="l">1</subfield>
    <subfield code="o">551.8 BIS 1975</subfield>
    <subfield code="r">2017-12-26 00:00:00</subfield>
    <subfield code="s">2017-12-24</subfield>
    <subfield code="t">C-6</subfield>
    <subfield code="w">2016-11-27</subfield>
    <subfield code="y">BK</subfield>
  </datafield>
  <datafield tag="952" ind1=" " ind2=" ">
    <subfield code="0">0</subfield>
    <subfield code="1">0</subfield>
    <subfield code="2">ddc</subfield>
    <subfield code="4">0</subfield>
    <subfield code="7">1</subfield>
    <subfield code="8">NFIC</subfield>
    <subfield code="a">RUCL</subfield>
    <subfield code="b">RUCL</subfield>
    <subfield code="c">Reading</subfield>
    <subfield code="d">1983-07-04</subfield>
    <subfield code="e">Aligorh library, Rajshahi</subfield>
    <subfield code="g">18.00</subfield>
    <subfield code="l">0</subfield>
    <subfield code="o">551.8 BIS 1982</subfield>
    <subfield code="r">2017-04-01 00:00:00</subfield>
    <subfield code="t">C-1</subfield>
    <subfield code="w">2021-12-08</subfield>
    <subfield code="y">BK</subfield>
  </datafield>
  <datafield tag="952" ind1=" " ind2=" ">
    <subfield code="0">0</subfield>
    <subfield code="1">0</subfield>
    <subfield code="2">ddc</subfield>
    <subfield code="4">0</subfield>
    <subfield code="7">0</subfield>
    <subfield code="8">NFIC</subfield>
    <subfield code="a">RUCL</subfield>
    <subfield code="b">RUCL</subfield>
    <subfield code="c">Stack</subfield>
    <subfield code="d">2018-12-10</subfield>
    <subfield code="l">0</subfield>
    <subfield code="o">551.8 BIS 1975</subfield>
    <subfield code="r">2018-12-10 00:00:00</subfield>
    <subfield code="t">C-7</subfield>
    <subfield code="w">2018-12-10</subfield>
    <subfield code="y">BK</subfield>
  </datafield>
  <datafield tag="952" ind1=" " ind2=" ">
    <subfield code="0">0</subfield>
    <subfield code="1">0</subfield>
    <subfield code="2">ddc</subfield>
    <subfield code="4">0</subfield>
    <subfield code="7">0</subfield>
    <subfield code="8">NFIC</subfield>
    <subfield code="a">RUCL</subfield>
    <subfield code="b">RUCL</subfield>
    <subfield code="c">Stack</subfield>
    <subfield code="d">1983-07-04</subfield>
    <subfield code="e">Aligarh Libraty Rajshahi</subfield>
    <subfield code="g">811.00</subfield>
    <subfield code="l">0</subfield>
    <subfield code="o">551.8 BIS 1975</subfield>
    <subfield code="r">2018-12-10 00:00:00</subfield>
    <subfield code="t">C-8</subfield>
    <subfield code="w">2018-12-10</subfield>
    <subfield code="y">BK</subfield>
  </datafield>
  <datafield tag="952" ind1=" " ind2=" ">
    <subfield code="0">0</subfield>
    <subfield code="1">0</subfield>
    <subfield code="2">ddc</subfield>
    <subfield code="4">0</subfield>
    <subfield code="7">0</subfield>
    <subfield code="8">NFIC</subfield>
    <subfield code="a">RUCL</subfield>
    <subfield code="b">RUCL</subfield>
    <subfield code="c">Stack</subfield>
    <subfield code="d">1983-07-04</subfield>
    <subfield code="e">Aligarh Libraty Rajshahi</subfield>
    <subfield code="g">81.00</subfield>
    <subfield code="l">0</subfield>
    <subfield code="o">551.8 BIS 1975</subfield>
    <subfield code="r">2018-12-12 00:00:00</subfield>
    <subfield code="t">C-9</subfield>
    <subfield code="w">2018-12-12</subfield>
    <subfield code="y">BK</subfield>
  </datafield>
  <datafield tag="952" ind1=" " ind2=" ">
    <subfield code="0">0</subfield>
    <subfield code="1">0</subfield>
    <subfield code="2">ddc</subfield>
    <subfield code="4">0</subfield>
    <subfield code="7">0</subfield>
    <subfield code="8">NFIC</subfield>
    <subfield code="a">RUCL</subfield>
    <subfield code="b">RUCL</subfield>
    <subfield code="c">Stack</subfield>
    <subfield code="d">1983-07-04</subfield>
    <subfield code="e">Aligarh Libraty Rajshahi</subfield>
    <subfield code="g">27.00</subfield>
    <subfield code="l">0</subfield>
    <subfield code="o">551.8 BIS 1982</subfield>
    <subfield code="r">2018-12-22 00:00:00</subfield>
    <subfield code="t">C-10</subfield>
    <subfield code="w">2021-12-08</subfield>
    <subfield code="y">BK</subfield>
  </datafield>
  <datafield tag="952" ind1=" " ind2=" ">
    <subfield code="0">0</subfield>
    <subfield code="1">0</subfield>
    <subfield code="2">ddc</subfield>
    <subfield code="4">0</subfield>
    <subfield code="7">0</subfield>
    <subfield code="8">NFIC</subfield>
    <subfield code="a">RUCL</subfield>
    <subfield code="b">RUCL</subfield>
    <subfield code="c">Stack</subfield>
    <subfield code="d">2018-12-22</subfield>
    <subfield code="e">Heffers and Sons</subfield>
    <subfield code="g">11.60</subfield>
    <subfield code="l">0</subfield>
    <subfield code="o">551.8 BIS 1975</subfield>
    <subfield code="r">2018-12-22 00:00:00</subfield>
    <subfield code="t">C-11</subfield>
    <subfield code="w">2018-12-22</subfield>
    <subfield code="y">BK</subfield>
  </datafield>
  <datafield tag="952" ind1=" " ind2=" ">
    <subfield code="0">0</subfield>
    <subfield code="1">0</subfield>
    <subfield code="2">ddc</subfield>
    <subfield code="4">0</subfield>
    <subfield code="7">0</subfield>
    <subfield code="8">NFIC</subfield>
    <subfield code="a">RUCL</subfield>
    <subfield code="b">RUCL</subfield>
    <subfield code="c">Stack</subfield>
    <subfield code="d">2019-01-05</subfield>
    <subfield code="l">0</subfield>
    <subfield code="o">551.8 BIS 1975</subfield>
    <subfield code="r">2019-01-05 00:00:00</subfield>
    <subfield code="t">C-12</subfield>
    <subfield code="w">2019-01-05</subfield>
    <subfield code="y">BK</subfield>
  </datafield>
</record>
